01008nam a2200181 b 4500003000500000005001700005008004100022020002300063040001400086041001500100082002000115100001700135245004300152260004600195300004700241500051300288700002500801322820250704125015.0230213s9999 xx 000 0 und d a9781848104907qpbk aRDAc3228 2EaEnglsih aJ 743.6392 REGA aRegan, Lisa  0aHow to draw baby animals /cLisa Regan aThaxted, Essex UK :bMiles Kelly, c2008. a47 pages :bcolour illustrations ;c25 cm. aThe perfect ebook for aspiring young artists, How to Draw Baby Animals is a fantastic way to get kids drawing in seconds. With simple instructions and step-by-step illustrations children can learn to draw 15 different baby animals, from simple outlines to detailed, colourful drawings. Written and illustrated by experienced artists, this beautiful ebook contains a wealth of information about drawing techniques and feature galleries highlighting different styles, materials and ideas for extra inspiration. aRegan, Lisa eauthor